Statistics for Bollywood Bacon Quiz

Click here to take the quiz!

General Stats

  • This quiz has been taken 284 times
  • The average score is 14 of 21

Answer Stats

Film % Correct
Aishwarya RaiShah Rukh KhanDevdas
96%
Juhi ChawlaAamir KhanQSQT
95%
GovindaSalman KhanSalaam-E-Ishq
84%
Anushka SharmaRanveer SinghBand Baaja Baarat
84%
Jimmy ShergillSanjay DuttMunna Bhai M.B.B.S.
82%
Ranveer SinghDeepika PadukoneRam-Leela
78%
Deepika PadukoneAmitabh BachchanPiku
75%
Shah Rukh KhanKajolKuch Kuch Hota Hai
75%
Sanjay DuttAnushka SharmaPK
75%
Salman KhanAishwarya RaiHum Dil De Chuke Sanam
72%
Akshaye KhannaSunny DeolBorder
71%
Sunny DeolJuhi ChawlaDarr
71%
Ajay DevgnAbhishek BachchanBol Bachchan
70%
Amitabh BachchanRishi KapoorAmar Akbar Anthony
63%
Abhishek BachchanUday ChopraDhoom
61%
Karisma KapoorGovindaHaseena Mann Jayegi
57%
KajolAjay DevgnIshq
50%
Aamir KhanKarisma KapoorRaja Hindustani
49%
Rishi KapoorDimple KapadiaBobby
45%
Uday ChopraJimmy ShergillMohabbatein
41%
Dimple KapadiaAkshaye KhannaDil Chahta Hai
12%

Score Distribution

Percentile by Number Answered

Percent of People with Each Score

Your Score History

You have not taken this quiz